[Event "Tyros-UOP po"]
[Site "?"]
[Date "2010.05.08"]
[Round "2.5"]
[White "Dobrovolny, Chuck"]
[Black "Lechnick, Jay"]
[Result "1-0"]
[WhiteElo "1718"]
[BlackElo "1722"]
[Annotator "Friske,Tom"]
[PlyCount "105"]

1. e4 e6 2. d4 d5 3. Nd2 Nf6 4. e5 Nfd7 5. Bd3 c5 6. c3 Nc6 7. Ngf3 Be7 8. O-O
O-O 9. Re1 cxd4 10. cxd4 Re8 11. a3 f6 12. exf6 Bxf6 13. Nf1 Nf8 14. Ng3 Bd7
15. Nh5 Ne7 16. Nxf6+ gxf6 17. Nh4 Neg6 18. Nxg6 hxg6 19. Bxg6 Nxg6 20. Qh5 Nf8
21. Re3 Nh7 22. Qg6+ Kh8 23. Rh3 Qe7 24. Bf4 Rg8 25. Rxh7+ Qxh7 26. Qxf6+ Rg7
27. Be5 Kg8 28. Rc1 Rf8 29. Qxg7+ Qxg7 30. Bxg7 Kxg7 31. Rc7 Rf7 32. Rxb7 Ba4
33. Rxf7+ Kxf7 34. f4 Kf6 35. g4 Bd1 36. h3 Kg6 37. Kf2 a6 38. b4 Kf6 39. Kg3
Kg6 40. h4 Bc2 41. h5+ Kh6 42. Kh4 Kg7 43. Kg5 Bd1 44. h6+ Kh7 45. Kh5 Bc2 (
45... Be2 46. Kg5 Bf3 47. Kf6 (47. Kh4 Kxh6) 47... Bxg4) 46. Kg5 (46. g5 Bg6+
47. Kg4 Bf5+ 48. Kf3 {idea a4}) 46... Bd1 47. f5 exf5 48. gxf5 Bc2 49. f6 Kg8
50. Kf4 Bg6 51. Ke5 (51. a4) 51... Bf7 52. Kd6 Bg6 53. Ke7 1-0

[Event "UOP-Tyros po"]
[Site "?"]
[Date "2010.05.08"]
[Round "2.6"]
[White "Nguyen, M."]
[Black "Hahne, Dave"]
[Result "1/2-1/2"]
[WhiteElo "1713"]
[BlackElo "1620"]
[PlyCount "44"]

1. e4 c6 2. d4 d5 3. e5 Bf5 4. Nf3 e6 5. Bd3 Bxd3 6. Qxd3 Qa5+ 7. Bd2 Qa6 8.
Qb3 c5 9. c3 Nc6 10. Be3 cxd4 11. Bxd4 Nh6 12. a4 Nf5 13. Qb5 Nfxd4 14. Nxd4
Qxb5 15. Nxb5 O-O-O 16. f4 a6 17. Nd4 Nxd4 18. cxd4 Bb4+ 19. Ke2 Kb8 20. Rc1
Rc8 21. Nd2 Rxc1 22. Rxc1 Rc8 1/2-1/2

[Event "StCCC-DGCCC po"]
[Site "?"]
[Date "2010.05.08"]
[Round "2.1"]
[White "Acosta, Mariano"]
[Black "Klug, Stefan"]
[Result "1-0"]
[WhiteElo "2192"]
[BlackElo "2174"]
[PlyCount "68"]

1. c4 Nf6 2. Nc3 c5 3. g3 Nc6 4. Bg2 g6 5. e3 Bg7 6. d4 cxd4 7. exd4 O-O 8.
Nge2 d6 9. O-O Bf5 10. h3 h5 11. b3 Rc8 12. Be3 b6 13. d5 Nb4 14. Nd4 Bd7 15.
Qd2 a5 16. Bh6 Re8 17. Bxg7 Kxg7 18. f4 e6 19. a3 Na6 20. dxe6 Bxe6 21. f5 Bd7
22. fxg6 fxg6 23. Qf4 Nc5 24. Nd5 Rf8 25. Qxd6 Nce4 26. Bxe4 Nxe4 27. Qe5+ Nf6
28. Rxf6 Rxf6 29. Rf1 Bf5 30. Nxf5+ gxf5 31. Rxf5 Rcc6 32. Rxh5 Rce6 33. Qg5+
Rg6 34. Qxd8 Rxg3+ 1-0

[Event "DGCC-StCCC po"]
[Site "?"]
[Date "2010.05.08"]
[Round "2.2"]
[White "Kalavagunta, Sumar"]
[Black "Freidel, Paul"]
[Result "0-1"]
[WhiteElo "2074"]
[BlackElo "1930"]
[Annotator "Friske,Tom"]
[PlyCount "116"]

1. d4 d5 2. c4 e6 3. Nc3 Nf6 4. e3 Be7 5. Nf3 O-O 6. Be2 b6 7. O-O Bb7 8. a3
dxc4 9. Bxc4 c5 10. Qe2 cxd4 11. exd4 Nd5 12. Nxd5 Bxd5 13. Bf4 Nc6 14. Rfd1
Bf6 15. Ne5 Bxc4 16. Qxc4 Ne7 17. Qa6 Qd5 18. Qe2 Nf5 19. Ng4 Bxd4 20. Be5 f6
21. Bxd4 Nxd4 22. Qd3 e5 23. Ne3 Qf7 24. Qc4 Rac8 25. Qxf7+ Rxf7 26. h3 Rfc7
27. Nd5 Rd7 28. Ne3 Kf7 29. Nf5 Ke6 30. Ne3 a5 31. Kh2 Rc5 32. Rd2 Nc2 33. Rxd7
Kxd7 34. Nf5 g6 35. Rd1+ Kc7 36. Ne7 Nd4 37. Ng8 (37. Nxg6) 37... Rc6 38. Ne7
Re6 39. Rc1+ Kd7 (39... Kd6 40. Nc8+) 40. Nd5 Nb5 41. a4 Rd6 42. Nxf6+ Rxf6 43.
axb5 Rxf2 44. Rc6 Rxb2 45. Rxb6 Kc7 46. Rc6+ Kb7 47. Rc5 Re2 48. Rc6 a4 49. Ra6
Ra2 50. Kg3 a3 51. Kf3 Ra1 52. Ke4 a2 53. Kxe5 Re1+ 54. Kf6 a1=Q+ 55. Rxa1 Rxa1
56. Kg7 h5 57. Kxg6 h4 58. Kg5 Ra4 0-1

[Event "StCCC-DGCC po"]
[Site "?"]
[Date "2010.05.08"]
[Round "2.3"]
[White "Suits, John"]
[Black "Egerton, Jim"]
[Result "1/2-1/2"]
[WhiteElo "1864"]
[BlackElo "2013"]
[Annotator "Friske,Tom"]
[PlyCount "89"]

1. e4 c5 2. Nf3 d6 3. d4 cxd4 4. Nxd4 Nf6 5. Nc3 a6 6. Bg5 e6 7. f4 Qb6 8. Qd2
Qxb2 9. Rb1 Qa3 10. Bxf6 gxf6 11. Be2 Qc5 12. Na4 Qc7 13. Nb6 Ra7 14. O-O Nd7
15. Nxc8 Qxc8 16. Bh5 Qc5 17. e5 (17. Kh1 {idea Nxe6} Qxh5) 17... dxe5 18. fxe5
Qxd4+ 19. Qxd4 Bc5 20. Qf2 Bxf2+ 21. Rxf2 Nxe5 22. Rxf6 b5 23. c4 O-O 24. cxb5
axb5 25. Rxb5 Nd3 26. Be2 Nc1 27. Bc4 Nxa2 28. Rb3 Raa8 29. Rh3 Nb4 30. Rfh6
Rfc8 31. Bf1 Nc6 32. Rg3+ Kf8 33. Bb5 Ke7 34. Rxh7 Rg8 35. Rxg8 Rxg8 36. Rh5
Ra8 37. Bc4 Nd4 38. Bd3 Ra3 39. Rh3 Nc6 40. Kf2 Ne5 41. Ke2 Ra2+ 42. Kf1 Ra1+
43. Ke2 Ra2+ 44. Kf1 Ra3 45. Ke2 1/2-1/2

[Event "DGCC-StCCC po"]
[Site "?"]
[Date "2010.05.08"]
[Round "2.4"]
[White "Parmet, Daniel"]
[Black "Von Hatten, Jeremy"]
[Result "1/2-1/2"]
[WhiteElo "1790"]
[BlackElo "1783"]
[PlyCount "80"]

1. d4 Nf6 2. Nf3 g6 3. c4 c5 4. d5 Bg7 5. Nc3 O-O 6. e4 d6 7. h3 Na6 8. Bd3 e5
9. O-O Nh5 10. Bg5 f6 11. Bd2 Nc7 12. a3 Qe8 13. b4 b6 14. bxc5 bxc5 15. g4 Nf4
16. Bxf4 exf4 17. Qd2 f5 18. exf5 gxf5 19. Rae1 Qg6 20. Re7 Ne8 21. Ne2 Qf6 22.
Rxg7+ Qxg7 23. Nxf4 fxg4 24. Nh5 Qf7 25. Qg5+ Kh8 26. Nh4 Rg8 27. Qh6 gxh3+ 28.
Kh2 Rg4 29. Bg6 Rxg6 30. Nxg6+ Qxg6 31. Qf8+ Qg8 32. Qf3 Bg4 33. Qc3+ Ng7 34.
Nxg7 Qxg7 35. Qxg7+ Kxg7 36. Rg1 h5 37. f3 Rf8 38. fxg4 Rf2+ 39. Kxh3 hxg4+ 40.
Rxg4+ Kf6 1/2-1/2

[Event "StCCC-DGCC po"]
[Site "?"]
[Date "2010.05.08"]
[Round "2.5"]
[White "Smith, Derek"]
[Black "Dugovic, Daniel"]
[Result "0-1"]
[WhiteElo "1610"]
[BlackElo "1833"]
[Annotator "Friske,Tom"]
[PlyCount "61"]

1. d4 Nf6 2. c4 g6 3. Nc3 Bg7 4. e4 d6 5. f4 O-O 6. Nf3 Nh5 7. Bd3 Nc6 8. Be3
e5 9. fxe5 dxe5 10. d5 Nd4 11. Qd2 Nf4 12. Bxf4 exf4 13. Qxf4 f5 14. O-O-O fxe4
15. Qxe4 Nxf3 16. gxf3 Qf6 17. Rhf1 Bd7 18. Qe2 a6 19. Ne4 Qd4 20. a3 Bh6+ 21.
Kc2 Qe5 22. Kb3 b5 23. c5 c6 24. Nc3 Rae8 25. Qxe5 Rxe5 26. Bc4 Bf5 27. Ka2 Be3
28. b4 a5 29. Rd3 cxd5 30. Bxd5+ Kg7 31. Ne4 {Rest of game not recorded} 0-1

[Event "DGCC-StCCC po"]
[Site "?"]
[Date "2010.05.08"]
[Round "2.6"]
[White "Romanowitz, Caleb"]
[Black "Janssen, Gary"]
[Result "1-0"]
[WhiteElo "1292"]
[BlackElo "1551"]
[PlyCount "69"]

1. e4 e5 2. Nf3 Nc6 3. Bb5 a6 4. Ba4 Nf6 5. O-O b5 6. Bb3 Bc5 7. d3 d6 8. h3
O-O 9. Bg5 Be6 10. Nc3 Nd4 11. Nd5 Bxd5 12. Bxd5 c6 13. Nxd4 cxd5 14. Nf5 dxe4
15. dxe4 g6 16. Ne3 Re8 17. Nd5 Re6 18. Qf3 Kg7 19. c3 h6 20. Bxf6+ Rxf6 21.
Qxf6+ Qxf6 22. Nxf6 Kxf6 23. Rfd1 Rd8 24. b4 Bb6 25. a4 Ke6 26. axb5 axb5 27.
Kf1 f5 28. Rd5 fxe4 29. Rxb5 Rb8 30. Ra6 Bc7 31. Rxb8 Bxb8 32. b5 Kd7 33. c4 h5
34. Ke2 g5 35. Ke3 1-0

[Event "BCBS-Yorktown po"]
[Site "?"]
[Date "2010.05.08"]
[Round "3.1"]
[White "Khan, Khalin"]
[Black "Tennant, Steve"]
[Result "0-1"]
[WhiteElo "1859"]
[BlackElo "2206"]
[PlyCount "90"]

1. d4 Nf6 2. c4 g6 3. Nc3 Bg7 4. e4 d6 5. Nf3 O-O 6. Be2 e5 7. d5 Nbd7 8. O-O
Nc5 9. Qc2 a5 10. h3 Nh5 11. Be3 b6 12. b3 f5 13. Bg5 Qe8 14. Nd2 Nf4 15. Bxf4
exf4 16. Rae1 Qf7 17. Bf3 Bd7 18. a3 Qf6 19. Ndb1 Rfe8 20. b4 axb4 21. axb4
Nxe4 22. Nxe4 fxe4 23. Bxe4 Qb2 24. Qxb2 Bxb2 25. Bc2 Be5 26. Re2 f3 27. Re3
fxg2 28. Kxg2 Ra2 29. Bb3 Rb2 30. Na3 Bd4 31. Rd3 Bf5 32. Rxd4 Rxb3 33. Ra1
Bxh3+ 34. Kh2 Rf8 35. Rd2 Bd7 36. Nc2 Rb2 37. Rc1 Bf5 38. Kg3 Ra8 39. Re2 Raa2
40. Re8+ Kf7 41. Rce1 Rxc2 42. R1e7+ Kf6 43. Rxc7 Rxf2 44. Rf8+ Kg5 45. Rxh7
Rfc2 0-1

[Event "Yorktown-BCBS po"]
[Site "?"]
[Date "2010.05.08"]
[Round "3.2"]
[White "Freitag, Todd"]
[Black "San Miguel, Gary"]
[Result "1-0"]
[WhiteElo "1989"]
[BlackElo "1553"]
[Annotator "Friske,Tom"]
[PlyCount "118"]

1. d4 d5 2. c4 e6 3. Nc3 Bb4 4. e3 Nf6 5. Nf3 O-O 6. Bd3 b6 7. cxd5 exd5 8. Ne5
c5 9. O-O Bb7 10. Ne2 c4 11. Bc2 Bd6 12. f4 Nc6 13. Bd2 Nb4 14. Bb1 Rc8 15. Qe1
a5 16. Nc3 Ne4 17. a3 Na6 18. Nxe4 dxe4 19. Ba2 Bd5 20. Rc1 Bxe5 21. dxe5 a4
22. Qd1 b5 23. Bc3 Nc5 24. Qd4 Ne6 25. Qd1 Nc5 26. Bb4 Re8 27. Bxc5 Rxc5 28.
Qd4 Qc7 29. Bb1 Bb7 30. Rfd1 Rd5 31. Qc3 Rxd1+ 32. Rxd1 Rd8 33. Rxd8+ Qxd8 34.
Qd4 Qxd4 35. exd4 f5 36. exf6 gxf6 37. f5 e3 38. Kf1 e2+ 39. Kxe2 Bxg2 40. Ke3
({Watching, sure seemed like a precious tempo was given} 40. Kd2 Kf7 41. Kc3
Ke7 42. Kb4 Bc6 43. Kc5 Be8 (43... Kd7 44. d5 Bb7 45. Be4 {
and the Black Queenside is wiped out} Ba6 46. Kb6 Bc8 47. Kxb5 Kd6 48. Kxc4 Ke5
49. Bc2 ({more refined may be} 49. Bd3 {idea Kc5,Bb5  but if Black keeps the
Bishops on, the f-passer may gain in strength as White's King is on vacation
in the West Coast.}) 49... Bd7 (49... Bxf5 50. Bxa4) 50. Kc5 {idea Bd3-b5} Bxf5
$2 51. Bxf5 Kxf5 52. d6 Ke6 53. Kc6 {and the d-Pawn queens first}) 44. Be4 {
idea Bc6} Bd7 45. d5 Be8 46. d6+ Kd8 47. Bc6 $18) 40... Kf7 41. Kd2 Ke7 42. Kc3
Kd6 43. Kb4 Bc6 44. Bc2 Bd7 45. Be4 h6 46. Bb7 Bxf5 47. Kxb5 Bd7+ 48. Kxc4 f5
49. b4 axb3 50. Kxb3 f4 51. Kc3 Bc6 {Black needs the piece to block the
a-passer.  White has two passers and the one most far-away!} (51... Ba4 52. Bf3
(52. Kb4 Bd1 {idea f3, etc} 53. Kc3 (53. a4 $4 f3 54. a5 f2 55. Bg2 Be2 56. a6
Kc7))) ({Maybe even better is} 51... Bb5 {idea Be2,f3} {but again} 52. Bf3) 52.
Bxc6 Kxc6 53. Kd3 Kd5 54. h4 f3 55. Ke3 f2 56. Kxf2 Kxd4 57. Kf3 Kc4 58. Kg4
Kb3 59. Kh5 Kxa3 1-0

[Event "BCBS-Yorktown po"]
[Site "?"]
[Date "2010.05.08"]
[Round "3.3"]
[White "Bruno, Roque"]
[Black "Ellice, Wayne"]
[Result "1/2-1/2"]
[WhiteElo "1621"]
[BlackElo "1733"]
[PlyCount "48"]

1. d4 Nf6 2. c4 e6 3. Nc3 d5 4. Bg5 Be7 5. e3 Nbd7 6. Nf3 h6 7. Bh4 O-O 8. Rc1
c6 9. Bd3 dxc4 10. Bxc4 Nd5 11. Bxe7 Qxe7 12. O-O Re8 13. a3 b6 14. b4 Nxc3 15.
Rxc3 Bb7 16. Qb3 c5 17. Be2 cxb4 18. axb4 Rec8 19. Rfc1 Rxc3 20. Rxc3 Rc8 21.
Rxc8+ Bxc8 22. Qc4 Qd8 23. b5 Bb7 24. h3 Qc8 1/2-1/2

[Event "Yorktown-BCBS po"]
[Site "?"]
[Date "2010.05.08"]
[Round "3.4"]
[White "Franek, Marty"]
[Black "Guiu, Carl"]
[Result "1-0"]
[WhiteElo "1720"]
[BlackElo "1579"]
[Annotator "Friske,Tom"]
[PlyCount "63"]

1. d4 d5 2. c4 e6 3. Nc3 Nf6 4. Nf3 Be7 5. Bg5 O-O 6. e3 Nbd7 7. Bd3 h6 8. Bh4
c6 9. O-O b6 10. cxd5 Nxd5 11. Bxe7 Qxe7 12. Nxd5 cxd5 13. Rc1 Nf6 14. Qe2 Bb7
15. Rc2 Rfc8 16. Rfc1 Rxc2 17. Rxc2 Rc8 18. Ne5 Rc7 19. h3 Qd8 20. Bb5 Qc8 21.
Rxc7 Qxc7 22. Ba6 Bxa6 23. Qxa6 Ne4 24. Nd3 Kh7 25. Qa4 a5 26. Qd1 f6 27. f3
Ng5 28. Kf2 Nf7 29. f4 Nd6 30. Qc1 Ne4+ 31. Ke2 Qxc1 32. Nxc1 {
Only Wh moves recorded in time trouble.  Wh won move 58.} 1-0

[Event "BCBS-Yorktown po"]
[Site "?"]
[Date "2010.05.08"]
[Round "3.5"]
[White "Mata, Santiago"]
[Black "Zolkas, Adrian"]
[Result "0-1"]
[WhiteElo "1241"]
[BlackElo "1705"]
[Annotator "Friske,Tom"]
[PlyCount "74"]

1. e4 e5 2. Nf3 Nc6 3. Bb5 Bc5 4. O-O d6 5. d4 exd4 6. Nxd4 Bd7 7. Nxc6 bxc6 8.
Bc4 Nf6 9. Bg5 h6 10. Bxf6 Qxf6 11. Nc3 O-O 12. Na4 Bb6 13. Nxb6 axb6 (13...
cxb6 {maybe Black didn't like weakness of Pd6}) 14. c3 Be6 15. Qb3 Rfe8 16.
Bxe6 Qxe6 17. Qxe6 Rxe6 18. Rfe1 Rae8 19. f3 f5 20. Kf2 fxe4 21. fxe4 Rxe4 22.
Rxe4 Rxe4 23. Kf3 Re5 24. Rd1 Kf7 25. Rd4 c5 26. Re4 Rxe4 27. Kxe4 Ke6 28. c4
c6 29. b3 d5+ 30. Kf4 d4 31. Ke4 Kd6 32. a3 g5 33. g4 Ke6 34. b4 cxb4 35. axb4
c5 36. h3 Kd6 37. Kd3 Ke5 0-1

[Event "Tyros-StCCC po"]
[Site "?"]
[Date "2010.05.08"]
[Round "3.1"]
[White "Allsbrook, Fred"]
[Black "Marshall, Jim"]
[Result "1-0"]
[WhiteElo "2135"]
[BlackElo "2298"]
[Annotator "Friske,Tom"]
[PlyCount "75"]

1. Nf3 Nf6 2. g3 g6 3. b3 Bg7 4. Bb2 O-O 5. Bg2 c5 6. c4 Nc6 7. O-O d5 8. cxd5
Qxd5 9. Ne5 Qd6 10. Nxc6 bxc6 11. d3 e5 12. Nd2 Nd7 13. Rc1 f5 14. Qc2 Bh6 15.
Rfd1 Rb8 16. Qc4+ Rf7 17. Qa4 Bxd2 18. Rxd2 Rb6 19. Qc4 h5 20. Qc3 h4 21. Rdc2
hxg3 22. hxg3 f4 23. Ba3 fxg3 24. fxg3 e4 25. dxe4 Ba6 26. Bb2 Rh7 27. Rf1 Rb4
28. Rd2 Rd4 29. Qa5 Rxd2 30. Qd8+ Nf8 31. Rxf8+ Qxf8 32. Qxd2 c4 33. e5 Qc5+
34. e3 cxb3 35. axb3 Qb6 36. e6 Bc8 37. Qd3 Rh6 38. e7 Kf7 39. Qc3 g5 40. Qg7+
Ke8 41. Qf8+ Kd7 42. e8=Q+ 1-0

[Event "StCCC-Tyros po"]
[Site "?"]
[Date "2010.05.08"]
[Round "3.2"]
[White "Acosta, Mariano"]
[Black "Guio, Julian"]
[Result "0-1"]
[WhiteElo "2192"]
[BlackElo "1860"]
[Annotator "Friske,Tom"]
[PlyCount "69"]

1. b4 Nf6 2. Bb2 e6 3. b5 c6 4. a4 a6 5. bxc6 Nxc6 6. e3 d5 7. Nf3 Bd7 8. Be2
Rc8 9. O-O Na5 10. d3 Be7 11. Ne5 Qc7 12. Nxd7 Qxd7 13. Qd2 Qc7 14. Na3 O-O 15.
Ra2 Rfe8 16. Bd1 Nd7 17. f4 Bf6 18. Bxf6 Nxf6 19. Nb1 Qb6 20. Kh1 Qxb1 21. c4
dxc4 22. Be2 Qb6 23. Rb2 Qd8 24. Rc2 cxd3 25. Bxd3 Rxc2 26. Qxc2 Qb6 27. e4 Qb3
28. Qe2 Rd8 29. Rf3 g6 30. h3 Nc6 31. Bc2 Qb2 32. Rf2 Qc1+ 33. Kh2 Nd4 34. Qd3
Nc6 35. Qe2 {White soon resigned} 0-1

[Event "Tyros-StCCC po"]
[Site "?"]
[Date "2010.05.08"]
[Round "3.3"]
[White "Stoltz, Bob"]
[Black "Suits, John"]
[Result "1-0"]
[WhiteElo "1824"]
[BlackElo "1864"]
[Annotator "Friske,Tom"]
[PlyCount "77"]

1. d4 Nf6 2. c4 g6 3. Nc3 d5 4. e3 Bg7 5. Qb3 c6 6. Nf3 O-O 7. Bd3 dxc4 8. Bxc4
b5 9. Be2 Be6 10. Qc2 Na6 11. O-O Qb6 12. e4 Rac8 13. h3 Rfd8 (13... c5 14. d5
Bd7 15. Ne5 Be8) 14. Be3 Qb7 15. Ng5 Bd7 16. Qb3 Be8 17. Nf3 Nc7 18. Rac1 a5
19. Qc2 Na6 20. Rfd1 e6 21. Qb1 c5 22. dxc5 Rxd1+ 23. Rxd1 Nxc5 24. e5 Nfe4 25.
Nxe4 Nxe4 26. Rc1 Rd8 27. Rd1 Rxd1+ 28. Qxd1 Bf8 29. Qd8 Bc6 30. Nd4 Bd5 31.
Nxb5 Bxa2 32. Nd6 Nxd6 33. exd6 Qb4 34. d7 Kg7 35. Qc8 Be7 36. Bc5 Qe1+ 37. Bf1
Bc4 38. Bxe7 Qxf1+ 39. Kh2 1-0

[Event "StCCC-Tyros po"]
[Site "?"]
[Date "2010.05.08"]
[Round "3.4"]
[White "Von Hatten, Jeremy"]
[Black "Dovrovolny, Chuck"]
[Result "1-0"]
[WhiteElo "1749"]
[BlackElo "1718"]
[PlyCount "45"]

1. e4 c5 2. Nc3 Nc6 3. f4 d6 4. Nf3 g6 5. Bc4 Bg7 6. O-O Nf6 7. h3 O-O 8. d3 a6
9. a3 b5 10. Ba2 Qc7 11. Qe1 Nd4 12. Qf2 Bb7 13. Be3 Nxf3+ 14. Qxf3 Rac8 15. f5
b4 16. Ne2 Nd7 17. fxg6 hxg6 18. Bxf7+ Kh7 19. Bxg6+ Kxg6 20. Nf4+ Kh7 21. Qh5+
Kg8 22. Ne6 Qb8 23. Qg6 1-0

[Event "Tyros-StCCC po"]
[Site "?"]
[Date "2010.05.08"]
[Round "3.5"]
[White "Hahne, Dave"]
[Black "Smith, Derek"]
[Result "0-1"]
[WhiteElo "1620"]
[BlackElo "1610"]
[Annotator "Friske,Tom"]
[PlyCount "82"]

1. d4 d5 2. c4 e5 3. dxe5 d4 4. Nf3 Nc6 5. a3 Bg4 6. Bf4 h5 7. Qb3 Bxf3 8. Qxf3
g5 9. Bd2 Bg7 10. e6 fxe6 11. Qe4 Qf6 12. g3 O-O-O 13. Bg2 Rf8 14. O-O h4 15.
b4 Qh6 16. g4 h3 17. Bh1 Be5 18. b5 Nf6 19. Qf3 Nd8 20. Bb4 Qh4 21. Bxf8 Nxg4
22. Qg3 Bxg3 23. fxg3 Qh7 24. Bc5 Qg7 25. Nd2 Qe5 26. Ne4 Ne3 27. Rfc1 Ng2 28.
Bxa7 Qxe4 29. Rf1 Qe3+ 30. Rf2 Rf8 31. Raf1 Rxf2 32. Rxf2 Nf7 33. Bxg2 hxg2 34.
Kxg2 Ne5 (34... b6) 35. Bc5 Qe4+ 36. Kg1 b6 37. Be7 Ng4 38. Rf8+ Kb7 39. Bxg5
Qxe2 40. Bh4 Ne3 41. Rf2 Qe1+ 0-1

[Event "DGCC-Knights po"]
[Site "?"]
[Date "2010.05.08"]
[Round "3.1"]
[White "Klug, Stefan"]
[Black "Fridman, Yuri"]
[Result "0-1"]
[WhiteElo "2174"]
[BlackElo "2223"]
[Annotator "Friske,Tom"]
[PlyCount "72"]

1. d4 Nf6 2. c4 g6 3. Nc3 d5 4. cxd5 Nxd5 5. e4 Nxc3 6. bxc3 Bg7 7. Be3 c5 8.
Qd2 O-O 9. Bc4 Nd7 10. Ne2 e5 11. dxc5 Qa5 12. Qd6 Nf6 13. f3 Re8 14. c6 bxc6
15. O-O Qa4 16. Bb3 Qa6 17. Bg5 Be6 18. Bxe6 Rxe6 19. Qd2 Bf8 20. Rfd1 Bc5+ 21.
Kh1 Rd6 22. Qc2 Kg7 23. Rxd6 Bxd6 24. Qd2 Rd8 25. Bh6+ Kg8 26. Ng3 Be7 27. Qg5
Qxa2 28. Rg1 Qe6 29. Nf5 Bc5 30. Bg7 {
Both sides had minutes left to reach move 45.} Bxg1 31. Kxg1 Rd1+ 32. Kf2 Qa2+
33. Kg3 Nh5+ 34. Kh4 (34. Kh3 Nf4+ 35. Kg3 Qxg2+ 36. Kh4 Qxh2+ 37. Kg4 Rg1+ 38.
Ng3 Rxg3#) 34... Qf2+ 35. Ng3 (35. g3 Qxh2+ 36. Kg4 Nxg7) 35... Nxg7 36. Qxe5
Rd8 0-1

[Event "Knights-DGCC po"]
[Site "?"]
[Date "2010.05.08"]
[Round "3.2"]
[White "Morris, Rob"]
[Black "Kalavagunta, Suman"]
[Result "1-0"]
[WhiteElo "2211"]
[BlackElo "2074"]
[Annotator "Friske,Tom"]
[PlyCount "61"]

1. d4 d5 2. c4 e6 3. Nf3 Nf6 4. g3 Be7 5. Bg2 O-O 6. O-O c6 7. Nbd2 a5 8. b3
Nbd7 9. Qc2 Re8 10. Bb2 a4 11. Rac1 Qa5 12. e4 Nb8 13. Bc3 Bb4 14. Bxb4 Qxb4
15. Ne5 dxe4 16. Nxe4 Nxe4 17. Bxe4 f5 18. Bg2 axb3 19. axb3 Qd6 20. Qb2 Nd7
21. Rfd1 Nxe5 22. dxe5 Qc7 23. Rd6 c5 24. b4 cxb4 25. Qxb4 Ra7 26. Rcd1 Kf7 27.
c5 Ra6 28. Bf1 Rxd6 29. Rxd6 Bd7 30. Bb5 Re7 31. f4 {Neither side recorded any
more moves. White won move 40--- causing the 4th and 5th teams participating
in the 2-pt tournament tie (much to the delight of the Knights, and other mass
hysteria).} 1-0

[Event "DGCC-Knights po"]
[Site "?"]
[Date "2010.05.08"]
[Round "3.3"]
[White "Egerton, Jim"]
[Black "Thomson, Jim"]
[Result "1-0"]
[WhiteElo "2013"]
[BlackElo "1981"]
[Annotator "Friske,Tom"]
[PlyCount "69"]

1. d4 d5 2. Bf4 Nf6 3. e3 Bf5 4. Nf3 e6 5. Nbd2 Nbd7 6. Be2 c5 7. c3 Be7 8. h3
Ne4 9. O-O g5 10. Bh2 g4 11. hxg4 Bxg4 12. Nxe4 dxe4 13. Nd2 Bxe2 14. Qxe2 Qb6
15. Nxe4 O-O-O 16. dxc5 Nxc5 17. Qc4 Qc6 18. Nxc5 Rdg8 19. Qe4 Qxc5 20. Be5 f5
21. b4 Qb5 22. Qd4 (22. Qf4 Rg4) 22... Rd8 23. Bxh8 Rxd4 24. Bxd4 Bd6 25. a3 e5
26. c4 Qe8 27. Bxa7 Qg6 28. c5 Bc7 29. Bb6 h5 30. Bxc7 Kxc7 31. Rad1 h4 32. Rd6
Qg4 33. Rh6 Qg5 34. Rh7+ Kc6 35. Rd1 0-1

[Event "Knights-DGCC po"]
[Site "?"]
[Date "2010.05.08"]
[Round "3.4"]
[White "Cherkassky, Georgiy"]
[Black "Dugovic, Daniel"]
[Result "0-1"]
[WhiteElo "1734"]
[BlackElo "1833"]
[PlyCount "52"]

1. d4 Nf6 2. c4 g6 3. Nc3 Bg7 4. Nf3 d5 5. cxd5 Nxd5 6. e4 Nxc3 7. bxc3 c5 8.
Be3 O-O 9. Rb1 Nc6 10. h3 Qa5 11. Qd2 cxd4 12. cxd4 Qxd2+ 13. Kxd2 Rd8 14. e5
Nxe5 15. Be2 Nc6 16. Kc3 b6 17. Rhd1 Bb7 18. g3 Rac8 19. Kb3 Na5+ 20. Kb2 Nc4+
21. Ka1 e5 22. Rbc1 Bxf3 23. Bxf3 Nxe3 24. Rxc8 Rxc8 25. fxe3 Rc3 26. d5 e4 0-1

[Event "DGCC-Knights po"]
[Site "?"]
[Date "2010.05.08"]
[Round "3.5"]
[White "Wakerly, Ralph"]
[Black "Balicki, Jeff"]
[Result "1-0"]
[WhiteElo "1827"]
[BlackElo "1810"]
[PlyCount "90"]

1. e4 d5 2. exd5 Nf6 3. d4 Nxd5 4. Nf3 e6 5. c4 Nf6 6. Nc3 Be7 7. Bd3 b6 8. O-O
Bb7 9. Qe2 Nc6 10. Be3 Nb4 11. Bb1 c5 12. Rd1 Qc7 13. a3 Na6 14. Nb5 Qc6 15.
Bg5 cxd4 16. Nbxd4 Qc8 17. b4 O-O 18. Bd3 Nd5 19. cxd5 Bxg5 20. Nxg5 h6 21.
Ngf3 Nc7 22. Rac1 Qb8 23. dxe6 fxe6 24. Ne5 Nd5 25. Ng6 Nf4 26. Nxf4 Qxf4 27.
Nxe6 Qf6 28. Nxf8 Rxf8 29. Bc4+ Kh8 30. Bd5 Bc8 31. Rd3 Ba6 32. Bc4 Bb7 33.
Rcd1 Qg5 34. Rg3 Qf6 35. Qd2 Be4 36. Qd4 Re8 37. Qxf6 gxf6 38. Re3 Kg7 39. Rde1
f5 40. f3 Rc8 41. fxe4 Rxc4 42. exf5 Kf6 43. Rf1 Rc7 44. Re6+ Kg7 45. f6+ Kf7
1-0

[Event "Knights-DGCC po"]
[Site "?"]
[Date "2010.05.08"]
[Round "3.6"]
[White "Karandikar, Shekar"]
[Black "Romanowitz, Caleb"]
[Result "1-0"]
[WhiteElo "1709"]
[BlackElo "1292"]
[Annotator "Friske,Tom"]
[PlyCount "77"]

1. d4 Nf6 2. c4 e6 3. Nc3 Bb4 4. f3 d5 5. e3 O-O 6. Qc2 c5 7. dxc5 Nc6 8. a3
Bxc5 9. b4 Bd6 10. c5 Bb8 11. Bb2 Nh5 12. Qf2 f5 13. O-O-O b6 14. b5 Na5 15. c6
a6 16. a4 Qe7 17. f4 axb5 18. axb5 Bd6 19. Nf3 Nf6 20. h3 Ba3 21. Qc2 Bxb2+ 22.
Qxb2 e5 23. Nxe5 Be6 24. Rd4 Rfd8 25. Be2 Ne4 26. Nxe4 dxe4 27. Rxd8+ Rxd8 28.
Rd1 Qc5+ 29. Kb1 Rxd1+ 30. Bxd1 Nc4 31. Nxc4 Qxc4 32. Qe5 Qd3+ 33. Bc2 Ba2+ 34.
Kb2 Qd8 (34... Qd5 35. Qe8#) 35. Kxa2 g5 36. Bb3+ Kf8 37. c7 Qd2+ 38. Qb2 Qa5+
39. Qa3+ 1-0

[Event "UOP-DRW po"]
[Site "?"]
[Date "2010.05.08"]
[Round "3.1"]
[White "Siwek, Mark"]
[Black "Hayhurst, Lyle"]
[Result "0-1"]
[WhiteElo "1934"]
[BlackElo "1891"]
[PlyCount "62"]

1. e4 c5 2. Nf3 d6 3. d4 cxd4 4. Qxd4 Nc6 5. Bb5 Bd7 6. Bxc6 Bxc6 7. Nc3 Nf6 8.
Bg5 e6 9. O-O-O Be7 10. Rhe1 O-O 11. Kb1 Qc7 12. Qd2 Rfd8 13. Bf4 e5 14. Bg3
Rac8 15. h3 Be8 16. Bh4 Bc6 17. Bg3 b5 18. Nd5 Nxd5 19. exd5 Be8 20. Re3 b4 21.
Bh4 f6 22. g4 Bg6 23. Ne1 a5 24. Nd3 Qc4 25. Ne1 a4 26. b3 axb3 27. axb3 Qb5
28. Kb2 Ra8 29. Ra1 Rxa1 30. Kxa1 Ra8+ 31. Kb1 Qa5 0-1